Visión de la doctrina económica de la Iglesia Católica

Guardat en:
Dades bibliogràfiques
Autor principal: Tagle Martínez, Hugo (Autor)
Format: Llibre
Idioma:espanyol
Publicat: Santiago Instituto de Estudios Generales 1978
Matèries:
Etiquetes: Afegir etiqueta
Sense etiquetes, Sigues el primer a etiquetar aquest registre!

MARC

LEADER 00000nam a2200000 a 4500
001 UCT7885
003 CL-VaPUC
008 970317e19780000CL |||||||||||||||||spa|d
082 0 4 |a 261.85  |b TAG  |2 21 
100 0 |a Tagle Martínez, Hugo  |e author  |9 379150 
245 1 0 |a Visión de la doctrina económica de la Iglesia Católica 
300 |a 76 p 
942 |c BK 
945 |d 19970317 00:00:00  |a paguirre 
260 |a Santiago  |b Instituto de Estudios Generales  |c 1978 
650 0 |a Iglesia Católica  |9 256114 
650 0 |a Cristianismo  |9 257361 
650 0 |a Economía   |9 255568 
650 0 |a Liberalismo  |9 255715 
650 0 |a Capitalismo  |9 255255 
650 0 |a Socialismo  |9 255260 
650 0 |a Propiedad privada  |9 257919 
650 7 |a PROPIEDAD PUBLICA  |2 CL-VaPUC  |9 350350 
583 |a last modification  |c 19970317 00:00:00  |k Rodrigo Vera 
999 |c 256432  |d 256430 
952 |0 0  |1 0  |4 0  |6 261_850000000000000_TAG_1978  |7 0  |8 A  |9 279164  |a BIBDER  |b BIBDER  |d 2019-11-19  |i 1809245  |o 261.85 TAG 1978  |p 1809245  |r 2023-01-25  |w 2019-11-19  |y BK  |k DER